| 000 | 01111pam a2200301 a 4500 | ||
|---|---|---|---|
| 001 | 2997792 | ||
| 003 | ARRUPE | ||
| 005 | 20211007142216.0 | ||
| 008 | 930824s1993 ja a 001 0 eng | ||
| 010 | _a 93034397 | ||
| 020 |
_a4770017278 : _c$28.00 (U.S.) |
||
| 040 |
_aDLC _cDLC _dDLC |
||
| 041 | 1 |
_aeng _hjpn |
|
| 050 | 0 | 0 |
_aGV1114.35 _b.U42 1993 |
| 082 | 0 | 0 |
_a796.8/154 _220 |
| 100 | 1 |
_aUeshiba, Morihei, _d1883-1969. _950339 |
|
| 245 | 1 | 4 |
_aThe essence of Aikidō : _bspiritual teachings of Morihei Ueshiba / _ccompiled by John Stevens. |
| 250 | _a1st ed. | ||
| 260 |
_aTokyo ; _aNew York : _bKodansha International, _c1993. |
||
| 300 |
_a200 p. : _bill. ; _c27 cm. |
||
| 500 | _aTranslated from the Japanese. | ||
| 505 | 0 | _aThe universe of Aikidō -- Songs of the path -- Morihei's calligraphic legacy -- Misogi-- The art of Aikidō. | |
| 650 | 0 |
_aAikido. _950340 |
|
| 700 | 1 |
_aStevens, John, _d1947- _950341 |
|
| 906 |
_a7 _bcbc _corignew _d1 _eocip _f19 _gy-gencatlg |
||
| 942 |
_2lcc _cMONOGRAPH |
||
| 999 |
_c130714 _d130714 |
||